Le transport et les voyages - Statistiques

Statistiques générales
  • Ce quiz a été pris 19 fois
  • Le résultat moyen est 10 sur 22
Statistiques - réponses
Hint Réponse % Correct
Guest Invité, client, hotel / restaurant
93%
Rental Location
80%
Receipt Reçu, ticket de caisse
73%
(To) Take off Décollage
67%
(To) Disturb Déranger
67%
To enjoy Profiter
67%
To arrange Organiser
60%
(To) Upgrade Surclasser, surclassement
53%
Belongings Affaires
47%
Freeway Autoroute
47%
Loud Bruyant
47%
Cabin crew Équipage de cabine
47%
Flight attendant Agent de vol
40%
Railroad Chemin de fer
33%
Upstairs En haut
33%
Lounge Salon
27%
Runway Piste
20%
Closet Placard
20%
Fare Prix du billet, ticket, course
20%
(To) Shuttle Navette
13%
Onward flight Vol en amont
7%
Dash Tiret
0%
Aucun quiz correspondant
Distribution des résultats
% des personnes avec chaque résultat
Percentile par nombre de réponses
Votre historique - résultats
Vous n’avez pas pris ce quiz